THE ORIGINS OF MANKIND (Record no. 6012)
[ view plain ]
| 000 -LEADER | |
|---|---|
| fixed length control field | 00361nam a22001457a 4500 |
| 005 - DATE AND TIME OF LATEST TRANSACTION | |
| control field | 20250528161240.0 |
| 008 - FIXED-LENGTH DATA ELEMENTS--GENERAL INFORMATION | |
| fixed length control field | 250528b |||||||| |||| 00| 0 eng d |
| 020 ## - INTERNATIONAL STANDARD BOOK NUMBER | |
| International Standard Book Number | 0521288940 |
| 050 ## - LIBRARY OF CONGRESS CALL NUMBER | |
| Classification number | GN281 |
| Item number | TOM |
| 100 ## - MAIN ENTRY--PERSONAL NAME | |
| Personal name | TOMKINS STEPHEN |
| 245 ## - TITLE STATEMENT | |
| Title | THE ORIGINS OF MANKIND |
| 260 ## - PUBLICATION, DISTRIBUTION, ETC. | |
| Place of publication, distribution, etc. | LONDON |
| Name of publisher, distributor, etc. | CAMBRIDE UNIVERSITY PRESS |
| Date of publication, distribution, etc. | c |
| 300 ## - PHYSICAL DESCRIPTION | |
| Extent | 124p |
| 942 ## - ADDED ENTRY ELEMENTS (KOHA) | |
| Source of classification or shelving scheme | Library of Congress Classification |
| Koha item type | Books |
| Suppress in OPAC | No |
| 999 ## - | |
| -- | 6012 |
| -- | 6012 |
| Withdrawn status | Lost status | Source of classification or shelving scheme | Damaged status | Not for loan | Collection | Home library | Current library | Shelving location | Date acquired | Total checkouts | Full call number | Barcode | Date last seen | Copy number | Price effective from | Koha item type |
|---|---|---|---|---|---|---|---|---|---|---|---|---|---|---|---|---|
| Library of Congress Classification | Non-fiction | Undergraduate Library (Christ Temple) | Undergraduate Library (Christ Temple) | General stacks | 05/28/2025 | GN281 TOM | ulct00002694 | 05/28/2025 | 1 | 05/28/2025 | Books |